000 00482nam a2200205Ia 4500
008 210210b2013 xxu||||| |||| 00| 0 eng d
020 _a9781259027000
041 _aeng
082 _a032.02 SINM
100 _aSINGH (Surender)
245 _aUGC NET/SET Paper I
260 _aNew Delhi
_bMc Graw Hill Publishing Co Ltd.,
_c2013
300 _axi,373
650 _aUGC
650 _aPaper
650 _aNET/SET
650 _aI
690 _aUGC/NET Exams
906 _a068462
999 _c152586
_d152586